NHL teams and their AHL affiliations in 2025-2026 - Statistics

General Stats
  • This quiz has been taken 101 times
  • The average score is 20 of 32
Answer Stats
NHL team AHL Affiliate % Correct
Boston Bruins Providence Bruins
84%
Montreal Canadiens Laval Rocket
81%
Minnesota Wild Iowa Wild
76%
Ottawa Senators Belleville Senators
75%
Dallas Stars Texas Stars
75%
Toronto Maple Leafs Toronto Marlies
75%
Pittsburgh Penguins Wilkes-Barre/Scranton Penguins
73%
Vegas Golden Knights Henderson Silver Knights
67%
Washington Capitals Hershey Bears
67%
Vancouver Canucks Abbotsford Canucks
65%
Winnipeg Jets Manitoba Moose
63%
New York Islanders Bridgeport Islanders
62%
Buffalo Sabres Rochester Americans
62%
Tampa Bay Lightning Syracuse Crunch
62%
New Jersey Devils Utica Comets
62%
San Jose Sharks San Jose Barracuda
60%
Utah Mammoth Tucson Roadrunners
59%
Florida Panthers Charlotte Checkers
57%
Carolina Hurricanes Chicago Wolves
57%
Colorado Avalanche Colorado Eagles
57%
Philadelphia Flyers Lehigh Valley Phantoms
57%
Nashville Predators Milwaukee Admirals
56%
Los Angeles Kings Ontario Reign
56%
Edmonton Oilers Bakersfield Condors
54%
Columbus Blue Jackets Cleveland Monsters
54%
Seattle Kraken Coachella Valley Firebirds
54%
Chicago Blackhawks Rockford IceHogs
54%
Anaheim Ducks San Diego Gulls
54%
New York Rangers Hartford Wolf Pack
51%
Detroit Red Wings Grand Rapids Griffins
49%
St. Louis Blues Springfield Thunderbirds
48%
Calgary Flames Calgary Wranglers
46%
No matching quizzes found
Score Distribution
Percent of People with Each Score
Percentile by Number Answered
Your Score History
You have not taken this quiz